1163 1440 1339 1560 1059 1655 1839 1438 1325 1145 1399 1823 1352 1433 1317 1364 1055 1385 1862 1573 1290 1782 1458 1961 1969 1460 1084 1878 1811 1181 1182 1609 1350 1633 1940 1133 1433 1360 1133 1675 1426 1469 1419 1947 1658 1358 1673 1078 1963 1235 1917 1132 1283 1241 1813 1519 1051 1749 1334 1700 1823 1832 1025 1519 1621 1890 1122 1888 1515 1823 1045 1566 1329 1566 1009 1656 1324 1327 1398 1338 1600 1558 1251 1129 1574 1093 1293 1716 1975 1286 1549 1816 1431 1223 1990 1850 1790 1313 1853 BCNSPRNW ULIB Ver.6.0+V

เปลี่ยนเป็นภาษาไทย

Change to English
 แสดงรายละเอียดบรรณานุกรม
  กลับหน้าหลัก

Brief Record : Get Marc (ISO 2709) : E-mail record : QR code < ปิดหน้าต่าง
LEADER : 00000nam 2200000uu 4500
001    13399114383
003     ULIB
008    120327s2552||||th 000 0 tha d
020    ^a9786169003359
090    ^aนว.^bว295ฝ 2552
100 0  ^aวรันธร
245 00 ^aฝากหัวใจทำนายรัก/^cวรันธร
250    ^aพิมพ์ครั้งที่ 1
260    ^aกรุงเทพฯ :^bบลูบัตเตอร์ฟลาย,^c2552
300    ^a318 หน้า
710 1  ^aบลูบัตเตอร์ฟลาย
945    ^p236^l0^i17054
995    ^aกัณชพร
999    ^aใช้งานได้ทุกระบบ
รายการนี้ยังไม่มีแท็ก
คุณยังไม่ได้ล็อกอิน คุณสามารถมีกิจกรรมร่วมกับเว็บไซต์ได้ แต่ต้องล็อกอินก่อน ::
  ล็อกอิน

รายการสื่อสารสนเทศ

ลำดับที่ ประเภท เลขเรียก/บาร์โค้ด สถานที่ สถานะ
1. วิทยาศาสตร์การแพทย์ และสุขภาพ
วิทยาศาสตร์การแพทย์ และสุขภาพ
นว. ว295ฝ 2552  
  Barcode: 17054
ห้องสมุดวิทยาเขตสวรรค์ประชารักษ์
►นวนิยาย
บนชั้น
  ขอยืม

รายการใกล้เคียง
    ผู้แต่ง [วรันธร]

BibComment


ยังไม่เคยถูกคอมเมนท์

คอมเมนท์ทรัพยากรรายการนี้
  คอมเมนท์: ฝากหัวใจทำนายรัก..


 Copyright 2026. Bcnsprnw @Library